| 000 | 00423nam a2200181Ia 4500 | ||
|---|---|---|---|
| 005 | 20250423100410.0 | ||
| 008 | 250422s9999 xx 000 0 und d | ||
| 020 | _a0-574-21405-4 | ||
| 050 | _aHF 5548 .2 .E427/ | ||
| 100 | _aAlan L. Eliason | ||
| 245 | 0 | _aOnline Business Computer Applications | |
| 260 | _aUSA | ||
| 260 | _bS R A | ||
| 260 | _c1983 | ||
| 300 | _a493 p | ||
| 650 | _aData Processing | ||
| 942 | _cBK | ||
| 999 |
_c33183 _d33183 |
||